Statistics for Chapter Books to Authors

Click here to take the quiz!

General Stats

  • This quiz has been taken 7 times
    (4 since last reset)
  • The average score is 8 of 30

Answer Stats

Book SeriesAuthor% Correct
Harry PotterJ.K. Rowling
100%
Nancy DrewCarolyn Keene
50%
The Chronicles of NarniaC.S. Lewis
50%
Captain UnderpantsDav Pilkey
50%
Diary of a Wimpy KidJeff Kinney
50%
SuperfudgeJudy Blume
50%
Little House on the PrairieLaura Ingalls Wilder
50%
A Series of Unfortunate EventsLemony Snicket
50%
GoosebumpsR.L. Stine
50%
Babysitter's ClubAnn M. Martin
25%
Junie B. JonesBarbara Park
25%
Ramona QuimbyBeverly Cleary
25%
Cam JansenDavid A. Adler
25%
Wizard of OzFrank L. Baum
25%
The Hardy BoysFranklin W. Dixon
25%
Geronimo StiltonGeronimo Stilton
25%
Big NateLincoln Peirce
25%
Wayside SchoolLouis Sachar
25%
ArthurMarc Brown
25%
Magic TreehouseMary Pope Osborne
25%
Percy Jackson & the OlympiansRick Riordan
25%
Fly GuyTedd Arnold
25%
Boxcar ChildrenGertrude Chandler Warner
0%
Lunch LadyJarrett J. Krosoczka
0%
The Magic School BusJoanna Cole
0%
Mercy WatsonKate DiCamillo
0%
Anastasia KrupnikLois Lowry
0%
Judy MoodyMegan McDonald
0%
PaddingtonMichael Bond
0%
Amelia BadeliaPeggy Parrish
0%

Score Distribution

Percentile by Number Answered

Percent of People with Each Score

Your Score History

You have not taken this quiz since the last reset